000 00339pam a2200157a 44500
008 230515b1960 xxu||||| |||| 00| 0 eng d
020 _a1
041 _aMARATHI
082 _a1
100 _aKALOKHE
245 _aAGNIMADYA (DYSPEPSIA)
250 _a1
260 _aNA
_bN.D.
_c1960
300 _a100
650 _aAGNIMADYA (DYSPEPSIA)
999 _c496962
_d496962